[Event "Oberliga Nord N 1819"]
[Site "Germany"]
[Date "2018.11.25"]
[Round "3.8"]
[White "Grote, Dirk"]
[Black "Wolf, Christoph1111"]
[Result "0-1"]
[WhiteElo "2090"]
[BlackElo "2193"]
[PlyCount "44"]
[EventDate "2018.10.21"]
[EventType "team-tourn"]
[EventRounds "9"]
[EventCountry "GER"]
[SourceTitle "EXT 2020"]
[Source "ChessBase"]
[SourceDate "2019.10.17"]
[SourceVersion "1"]
[SourceVersionDate "2019.10.17"]
[SourceQuality "1"]
[WhiteTeam "St Pauli II"]
[BlackTeam "Schwerin SF"]
[WhiteTeamCountry "GER"]
[BlackTeamCountry "GER"]

1. d4 d5 2. c4 e6 3. Nc3 Bb4 4. cxd5 exd5 5. Bf4 Nf6 6. Nf3 c5 7. g3 Ne4 8. Rc1 Nc6 9. Bg2 Bf5 10. 0-0 Nxc3 11. bxc3 Ba3 12. Ra1 Bb2 13. Rb1 Bxb1 14. Qxb1 Bxc3 15. Qxb7 Na5 16. Qb5+ Qd7 17. Qxc5 Nc4 18. Ne5 Nxe5 19. Qxc3 Ng6 20. Bh3 Qxh3 21. Qc6+ Qd7 22. Qxa8+ Ke7 0-1

[Event "Lueneburg op-A"]
[Site "Lueneburg"]
[Date "2017.07.13"]
[Round "6"]
[White "Grote, Dirk"]
[Black "Bosselmann, Tom Linus"]
[Result "1/2-1/2"]
[WhiteElo "2115"]
[BlackElo "1966"]
[PlyCount "65"]
[EventDate "2017.07.08"]
[EventType "swiss"]
[EventRounds "9"]
[EventCountry "GER"]
[SourceTitle "CBM 179 Extra"]
[Source "ChessBase"]
[SourceDate "2017.08.23"]
[SourceVersion "1"]
[SourceVersionDate "2017.08.23"]
[SourceQuality "1"]

1. d4 Nf6 2. c4 g6 3. Nf3 Bg7 4. Nc3 d6 5. Bg5 Nbd7 6. e3 0-0 7. Be2 h6 8. Bh4 c6 9. Qc2 a6 10. 0-0 Qc7 11. Rac1 e5 12. dxe5 Nxe5 13. Rfd1 Be6 14. Nd4 Qd7 15. Nxe6 Qxe6 16. b3 Rad8 17. Rd2 g5 18. Bg3 h5 19. h4 g4 20. Rcd1 d5 21. e4 Bh6 22. exd5 Qe7 23. Bxe5 Qxe5 24. Rd3 Rfe8 25. dxc6 Rxd3 26. Qxd3 bxc6 27. Bf1 g3 28. Qxg3+ Qxg3 29. fxg3 Be3+ 30. Kh1 Ng4 31. Re1 Nf2+ 32. Kh2 Ng4+ 33. Kh1 1/2-1/2

[Event "Kiel op-A 29th"]
[Site "Kiel"]
[Date "2016.08.05"]
[Round "9"]
[White "Junge, Ralf"]
[Black "Grote, Dirk"]
[Result "1-0"]
[WhiteElo "2277"]
[BlackElo "2139"]
[PlyCount "67"]
[EventDate "2016.07.30"]
[EventType "swiss"]
[EventRounds "9"]
[EventCountry "GER"]
[SourceTitle "EXT 2017"]
[Source "ChessBase"]
[SourceDate "2016.10.25"]
[SourceVersion "1"]
[SourceVersionDate "2016.10.25"]
[SourceQuality "1"]

1. d4 Nf6 2. c4 g6 3. f3 Bg7 4. e4 d6 5. Ne2 0-0 6. Be3 c5 7. d5 e6 8. Nec3 exd5 9. cxd5 Na6 10. Be2 Nc7 11. a4 Re8 12. Qd2 b6 13. Na3 a6 14. 0-0 Rb8 15. Kh1 Qe7 16. Bf4 Nh5 17. Bg5 Qd7 18. g4 Nf6 19. Qf4 Nfxd5 20. exd5 Bxc3 21. bxc3 Rxe2 22. c4 b5 23. axb5 axb5 24. Nxb5 Nxb5 25. cxb5 Rxb5 26. Bf6 Qe8 27. Ra8 Re1 28. Rxe1 Qxe1+ 29. Kg2 Qe2+ 30. Kh3 Qf1+ 31. Kh4 Qe1+ 32. Qg3 Qe8 33. Qxd6 h6 34. Qc7 1-0

[Event "Kiel op-A 29th"]
[Site "Kiel"]
[Date "2016.07.31"]
[Round "3"]
[White "Wichmann, Cliff"]
[Black "Grote, Dirk"]
[Result "1-0"]
[WhiteElo "2314"]
[BlackElo "2139"]
[PlyCount "139"]
[EventDate "2016.07.30"]
[EventType "swiss"]
[EventRounds "9"]
[EventCountry "GER"]
[SourceTitle "CBM 173 Extra"]
[Source "ChessBase"]
[SourceDate "2016.08.29"]
[SourceVersion "1"]
[SourceVersionDate "2016.08.29"]
[SourceQuality "1"]

1. e4 c6 2. d4 d5 3. exd5 cxd5 4. c4 Nf6 5. Nc3 Nc6 6. c5 e5 7. dxe5 Nxe5 8. Be3 Be7 9. Bb5+ Nc6 10. Nge2 0-0 11. h3 Ne4 12. Qxd5 Qxd5 13. Nxd5 Bxc5 14. Bxc5 Nxc5 15. Rc1 a6 16. Rxc5 axb5 17. Rxb5 Rxa2 18. 0-0 Re8 19. Nec3 Ra5 20. Rb6 Kf8 21. Ne3 Ra6 22. Rxa6 bxa6 23. Ncd5 Bb7 24. Rc1 Rc8 25. Kf1 Ne7 26. Rxc8+ Nxc8 27. Ke2 Ke8 28. Kd3 Kd7 29. Kd4 Bxd5 30. Kxd5 Nb6+ 31. Kd4 h5 32. b3 g6 33. Kc5 Kc7 34. Nc2 Nd7+ 35. Kd4 Kd6 36. Ne3 Nb6 37. g3 f6 38. f3 Kc6 39. h4 Kd6 40. g4 hxg4 41. fxg4 Nd7 42. b4 Nf8 43. Nd1 Ne6+ 44. Ke4 Ng7 45. Ne3 Kc6 46. Kd4 Kb5 47. Kc3 f5 48. gxf5 gxf5 49. Nd5 Nh5 50. Kd4 f4 51. Ke4 Kc4 52. Nxf4 Ng3+ 53. Kf3 Nf5 54. h5 Kxb4 55. Kg4 Nh6+ 56. Kg5 Nf7+ 57. Kg6 Ne5+ 58. Kf5 Nf7 59. Nd3+ Kc3 60. Kg6 Nh8+ 61. Kg7 Kxd3 62. Kxh8 a5 63. h6 a4 64. h7 a3 65. Kg8 Kc2 66. h8Q Kb1 67. Qh1+ Kb2 68. Qg2+ Kb1 69. Qe4+ Kb2 70. Qb4+ 1-0

[Event "Norderstedt op 5th"]
[Site "Norderstedt"]
[Date "2005.03.27"]
[Round "5.7"]
[White "Grote, Dirk"]
[Black "Carlstedt, Jonathan"]
[Result "1/2-1/2"]
[WhiteElo "2143"]
[BlackElo "1999"]
[PlyCount "42"]
[EventDate "2005.03.27"]
[EventType "swiss"]
[EventRounds "7"]
[EventCountry "GER"]
[SourceTitle "EXT 2006"]
[Source "ChessBase"]
[SourceDate "2005.11.24"]
[SourceVersion "1"]
[SourceVersionDate "2005.11.24"]
[SourceQuality "1"]

1. d4 Nf6 2. c4 c5 3. d5 d6 4. Nc3 g6 5. Nf3 Bg7 6. g3 0-0 7. Bg2 a6 8. a4 Qc7 9. 0-0 e6 10. h3 exd5 11. cxd5 Re8 12. Nd2 Nbd7 13. Nc4 Nb6 14. Na3 Bd7 15. Re1 Nxa4 16. Nxa4 b5 17. Nc3 b4 18. Bd2 bxa3 19. Rxa3 Reb8 20. Qa1 Qb6 21. Bc1 Ne8 1/2-1/2

[Event "Oberliga Nord N 0405"]
[Site "Germany"]
[Date "2005.03.13"]
[Round "8.7"]
[White "Grote, Dirk"]
[Black "Salov, Sergej"]
[Result "0-1"]
[WhiteElo "2143"]
[BlackElo "2291"]
[PlyCount "108"]
[EventDate "2004.10.24"]
[EventType "team-tourn"]
[EventRounds "9"]
[EventCountry "GER"]
[SourceTitle "EXT 2006"]
[Source "ChessBase"]
[SourceDate "2005.11.24"]
[SourceVersion "1"]
[SourceVersionDate "2005.11.24"]
[SourceQuality "1"]
[WhiteTeam "Grosshansdorf"]
[BlackTeam "Luebeck II"]
[WhiteTeamCountry "GER"]
[BlackTeamCountry "GER"]

1. d4 Nf6 2. c4 d6 3. Nc3 Nbd7 4. e4 e5 5. Nf3 g6 6. d5 Nc5 7. Qc2 a5 8. h3 Bg7 9. g4 0-0 10. Bg5 Qd7 11. Nd2 Ne8 12. 0-0-0 f5 13. gxf5 gxf5 14. Be2 Nf6 15. Rdg1 Kh8 16. f3 f4 17. Bh4 Nh5 18. Bf2 Ng3 19. Bxg3 fxg3 20. Rxg3 Bh6 21. Kb1 Qf7 22. Nb3 Bf4 23. Rgg1 Be3 24. Rg2 Bd7 25. Nd1 Nxb3 26. Qxb3 Bd4 27. Ne3 Qf4 28. Nf5 Bxf5 29. exf5 Qxf5+ 30. Qc2 Qxc2+ 31. Kxc2 Rg8 32. Rxg8+ Rxg8 33. b3 Rg2 34. Kd3 Kg7 35. a4 Kf6 36. Bd1 Bc5 37. Be2 Kf5 38. Bd1 Bb4 39. Ke3 Bd2+ 40. Kd3 Kf4 41. Be2 Bb4 42. h4 h5 43. Rh3 b6 44. Rh1 Rg3 45. Kc2 Rg2 46. Kd3 Bc5 47. Rh3 Be3 48. Rh1 Bd4 49. Rh3 Rg1 50. Kc2 Ke3 51. Bd1 Rg2+ 52. Kc1 Kd3 53. f4+ Be3+ 54. Kb1 Rg1 0-1

[Event "Oberliga Nord N 0405"]
[Site "Germany"]
[Date "2004.12.12"]
[Round "4.7"]
[White "Klarner, William R"]
[Black "Grote, Dirk"]
[Result "1/2-1/2"]
[WhiteElo "2190"]
[BlackElo "2143"]
[PlyCount "79"]
[EventDate "2004.10.24"]
[EventType "team-tourn"]
[EventRounds "9"]
[EventCountry "GER"]
[SourceTitle "EXT 2006"]
[Source "ChessBase"]
[SourceDate "2005.11.24"]
[SourceVersion "1"]
[SourceVersionDate "2005.11.24"]
[SourceQuality "1"]
[WhiteTeam "Hamburger SK III"]
[BlackTeam "Grosshansdorf"]
[WhiteTeamCountry "GER"]
[BlackTeamCountry "GER"]

1. e4 c6 2. d4 d5 3. exd5 cxd5 4. Bd3 Nc6 5. c3 g6 6. Nf3 Bg7 7. Bf4 Nf6 8. Nbd2 Bf5 9. Bxf5 gxf5 10. Ne5 Qb6 11. Nxc6 Qxc6 12. 0-0 0-0 13. Be5 e6 14. Bxf6 Bxf6 15. f4 Qc7 16. Qh5 Kh8 17. Rae1 Rg8 18. Re3 Rg7 19. Rh3 Rag8 20. Kh1 Be7 21. Qh6 Bd8 22. Rf2 Qe7 23. Qh5 Qf6 24. Qe2 Rg4 25. g3 Qg7 26. Nf3 Bf6 27. Qb5 Rb8 28. Qa5 a6 29. Qc7 Qf8 30. Re2 Rg8 31. Kg2 Qe7 32. Qxe7 Bxe7 33. Ne5 Kg7 34. Kf3 Bd6 35. Nd3 Rh8 36. g4 fxg4+ 37. Kxg4 Rbg8 38. Kf3 Kf6 39. Rg3 Rg6 40. Rf2 1/2-1/2

[Event "Oberliga Nord N 0405"]
[Site "Germany"]
[Date "2004.11.14"]
[Round "2.7"]
[White "Seidel, Knut"]
[Black "Grote, Dirk"]
[Result "1-0"]
[WhiteElo "2173"]
[BlackElo "2143"]
[PlyCount "39"]
[EventDate "2004.10.24"]
[EventType "team-tourn"]
[EventRounds "9"]
[EventCountry "GER"]
[SourceTitle "EXT 2006"]
[Source "ChessBase"]
[SourceDate "2005.11.24"]
[SourceVersion "1"]
[SourceVersionDate "2005.11.24"]
[SourceQuality "1"]
[WhiteTeam "Hamburg SV 1934"]
[BlackTeam "Grosshansdorf"]
[WhiteTeamCountry "GER"]
[BlackTeamCountry "GER"]

1. d4 Nf6 2. Bg5 c5 3. d5 Ne4 4. h4 Qb6 5. Nd2 Nxd2 6. Bxd2 Qxb2 7. e4 e5 8. Rb1 Qd4 9. Qf3 Bd6 10. Ne2 Qa4 11. Nc3 Qa5 12. Nb5 Qb6 13. Qa3 a5 14. Qg3 Kf8 15. h5 h6 16. Bc3 f6 17. Qg6 Na6 18. Rh3 Be7 19. Rg3 Rg8 20. d6 1-0

[Event "Oberliga Nord N 0304"]
[Site "Germany"]
[Date "2003.12.14"]
[Round "4.5"]
[White "Zimmermann, Julian"]
[Black "Grote, Dirk"]
[Result "1-0"]
[WhiteElo "2243"]
[BlackElo "2137"]
[PlyCount "47"]
[EventDate "2003.10.12"]
[EventType "team-tourn"]
[EventRounds "9"]
[EventCountry "GER"]
[SourceTitle "EXT 2005"]
[Source "ChessBase"]
[SourceDate "2004.11.15"]
[SourceVersion "1"]
[SourceVersionDate "2004.11.15"]
[SourceQuality "1"]
[WhiteTeam "Hamburg Koenigsspringer"]
[BlackTeam "Grosshansdorf"]
[WhiteTeamCountry "GER"]
[BlackTeamCountry "GER"]

1. e4 c6 2. d4 d5 3. Nc3 dxe4 4. Nxe4 Bf5 5. Ng3 Bg6 6. Nf3 Nd7 7. h4 h6 8. h5 Bh7 9. Bd3 Bxd3 10. Qxd3 e6 11. Bf4 Qa5+ 12. Bd2 Qc7 13. 0-0-0 0-0-0 14. Kb1 c5 15. d5 Nb6 16. Qa3 exd5 17. Qxa7 Nc4 18. Bc1 Nf6 19. Rh4 Bd6 20. Nf5 Rhg8 21. Rxc4 dxc4 22. Qa8+ Kd7 23. Rxd6+ Qxd6 24. Qxb7+ 1-0

[Event "Oberliga Nord N 0304"]
[Site "Germany"]
[Date "2003.11.02"]
[Round "2.6"]
[White "Boehm, Thomas1111"]
[Black "Grote, Dirk"]
[Result "1-0"]
[WhiteElo "2165"]
[BlackElo "2137"]
[PlyCount "45"]
[EventDate "2003.10.12"]
[EventType "team-tourn"]
[EventRounds "9"]
[EventCountry "GER"]
[SourceTitle "EXT 2005"]
[Source "ChessBase"]
[SourceDate "2004.11.15"]
[SourceVersion "1"]
[SourceVersionDate "2004.11.15"]
[SourceQuality "1"]
[WhiteTeam "Luebeck III"]
[BlackTeam "Grosshansdorf"]
[WhiteTeamCountry "GER"]
[BlackTeamCountry "GER"]

1. e4 c5 2. Nc3 Nc6 3. g3 g6 4. Bg2 Bg7 5. d3 e6 6. Be3 d6 7. Qd2 Nge7 8. Bh6 0-0 9. h4 Bxh6 10. Qxh6 Kh8 11. Qd2 Ng8 12. f4 Rb8 13. 0-0-0 Bd7 14. h5 b5 15. Nf3 b4 16. Ne2 Qa5 17. Kb1 Rb6 18. Nc1 Kg7 19. g4 f5 20. hxg6 hxg6 21. Ng5 Nh6 22. exf5 exf5 23. Rxh6 1-0

[Event "Wichern op 5th"]
[Site "Hamburg"]
[Date "1999.10.17"]
[Round "3.72"]
[White "Grote, Dirk"]
[Black "Kock, Stefan"]
[Result "1-0"]
[WhiteElo "2191"]
[BlackElo "1994"]
[PlyCount "101"]
[EventDate "1999.10.15"]
[EventType "swiss"]
[EventRounds "9"]
[EventCountry "GER"]
[SourceTitle "EXT 2001"]
[Source "ChessBase"]
[SourceDate "2000.11.22"]
[SourceVersion "1"]
[SourceVersionDate "2000.11.22"]
[SourceQuality "1"]

1. d4 g6 2. c4 c5 3. d5 Bg7 4. Nf3 d6 5. e4 Bg4 6. Be2 Bxf3 7. Bxf3 b5 8. cxb5 Qa5+ 9. Bd2 Qxb5 10. Nc3 Qb7 11. 0-0 Nd7 12. Be2 a6 13. Qc2 Ngf6 14. f4 0-0 15. Rae1 Rfb8 16. Bc1 Ne8 17. Kh1 Bd4 18. Bf3 Qb4 19. e5 Nb6 20. a3 Qa5 21. Qd3 Bxc3 22. bxc3 Na4 23. c4 Qc3 24. Qxc3 Nxc3 25. Bd2 Na4 26. Rb1 Ng7 27. g4 Nb2 28. Be2 Na4 29. Ba5 Ne8 30. Rfc1 Nb2 31. Bc3 Na4 32. Ba1 Nc7 33. Bd1 Nb6 34. Be2 Na4 35. Kg2 Kh8 36. Kf3 Kg8 37. Ke3 Kf8 38. Kd3 Ke8 39. Bf3 Kf8 40. Bd1 Nb6 41. Bc3 a5 42. Rb2 a4 43. Rcb1 Ra6 44. Bf3 Nca8 45. h4 Ke8 46. h5 Kd7 47. hxg6 hxg6 48. Be4 Rf8 49. Rh1 Nc7 50. Rh7 Ne8 51. Rxf7 1-0